Gaming Quiz

Random Gaming or German Quiz
Score 0/151 Timer 12:00
242 Plays Today
% Correct
Bisasam
97.5%
Glumanda
96.6%
Bisaflor
96.3%
Glurak
96.2%
Bisaknosp
95.6%
Glutexo
95.2%
Schiggy
95.2%
Turtok
94.4%
Schillok
92.8%
Taubsi
92.8%
Pikachu
92.6%
Mew
92.4%
Tauboga
92%
Raupy
91.9%
Tauboss
91.8%
Raichu
90.6%
Hornliu
89.9%
Smettbo
89.8%
Bibor
89.4%
Safcon
88.9%
Kokuna
88.3%
Lavados
86.6%
Arktos
86.5%
Zapdos
85.4%
Mewtu
85.2%
Kleinstein
84.5%
Dragoran
84.3%
Dratini
83.3%
Rattikarl
83.1%
Evoli
83%
Rattfratz
82.9%
Habitak
82.9%
Ibitak
82.2%
Nidoran (w)
82%
Nidoran (m)
82%
Dragonir
81.9%
Aquana
81.6%
Nidoking
81.6%
Flamara
81.4%
Nidoqueen
81%
Gengar
80.9%
Blitza
80.8%
Nebulak
80.6%
Abra
80.4%
Georok
80.1%
Nidorina
80%
Kadabra
79.9%
Arbok
79.8%
Simsala
79.8%
Rettan
79.7%
Garados
79.6%
% Correct
Nidorino
79.6%
Geowaz
79.3%
Onix
79.1%
Karpador
78.7%
Alpollo
77%
Arkani
76%
Relaxo
75.8%
Knofensa
75.3%
Zubat
75.2%
Fukano
75%
Duflor
75%
Myrapla
74.5%
Mauzi
74.4%
Giflor
74.2%
Golbat
74%
Sterndu
73.9%
Machollo
73.8%
Machomei
73.4%
Pummeluff
72.9%
Starmie
72%
Vulpix
71.8%
Lapras
71.7%
Pixi
71.7%
Smogon
71.2%
Elektek
71.1%
Ultrigaria
70.7%
Sarzenia
70.5%
Magmar
70.4%
Smogmog
70.2%
Sichlor
70.1%
Piepi
70%
Digda
69.8%
Maschock
69.5%
Sandan
69.2%
Digdri
68.9%
Knuddeluff
68.9%
Snobilikat
68.8%
Vulnona
68.7%
Sandamer
68.1%
Ponita
67.6%
Kabuto
67.5%
Voltobal
67.4%
Tauros
67.3%
Goldini
66.7%
Kicklee
66.5%
Magnetilo
66.5%
Magneton
66.2%
Aerodactyl
65.5%
Rossana
65.1%
Kabutops
65.1%
Lektrobal
65%
% Correct
Gallopa
64.6%
Golking
64.6%
Omot
64.2%
Enton
64.1%
Nockchan
64%
Quapsel
63.8%
Bluzuk
63.4%
Quappo
63.3%
Sleima
63.2%
Amonitas
62.7%
Jugong
62.5%
Jurob
62.5%
Quaputzi
62.4%
Sleimok
62.3%
Menki
62.2%
Hypno
62.2%
Rihorn
62.2%
Pantimos
62%
Entoron
62%
Traumato
61.9%
Kangama
61.9%
Tentacha
61.4%
Tentoxa
61.1%
Owei
60.8%
Amoroso
60.8%
Chaneira
60.7%
Pinsir
60.5%
Rasaff
60.5%
Kokowei
60.4%
Ditto
60.4%
Muschas
60.2%
Austos
58.7%
Paras
58.7%
Rizeros
58.5%
Porenta
58.5%
Dodu
58.4%
Dodri
58.4%
Parasek
57.6%
Flegmon
57%
Seeper
56.8%
Knogga
56.8%
Porygon
56.3%
Tragosso
55.8%
Lahmus
55.5%
Tangela
54.6%
Seemon
54.2%
Krabby
50.8%
Kingler
49.9%
Schlurp
48.6%
Remove Ads.
Support Sporcle.
Get the best of Sporcle when you Go Orange. This ad-free experience offers more features, more stats, and more fun while also helping to support Sporcle. Thank you for becoming a member.

You're not logged in!

Compare scores with friends on all Sporcle quizzes.
OR
Log In

Show Comments

Extras

Top Quizzes Today


Score Distribution

Your Account Isn't Verified!

In order to create a playlist on Sporcle, you need to verify the email address you used during registration. Go to your Sporcle Settings to finish the process.

Report this User

Report this user for behavior that violates our Community Guidelines.

Details: